[Event "Asian Zonal 3.3 2019"]
[Site "Ulaanbaatar"]
[Date "2019.04.14"]
[Round "8.15"]
[White "Chinguun, Sumiya"]
[Black "Amilal, Munkhdalai"]
[Result "1/2-1/2"]
[WhiteElo "2250"]
[BlackElo "2042"]
[Annotator "TA"]
[PlyCount "148"]
[EventDate "2019.04.07"]
[EventType "swiss"]
[EventRounds "9"]
[EventCountry "MGL"]
[SourceTitle "playchess.com"]
[Source "ChessBase"]
[SourceQuality "1"]

{[%evp 21,148,-19,0,-18,0,-37,-39,-47,-46,-39,-33,-42,-57,-87,-56,-53,-8,-8,-7,-14,-16,-29,-16,-33,13,15,8,0,0,0,-4,-6,0,0,0,-17,-3,-18,0,-16,0,0,8,0,0,0,10,12,18,0,14,14,16,28,24,41,178,51,359,397,354,344,344,377,258,229,209,181,172,166,297,307,268,85,81,65,184,185,211,21,21,20,20,8,17,12,12,12,22,12,12,12,12,12,27,0,0,0,0,0,0,0,0,0,0,0,0,0,0,0,0,0,0,0,0,0,0,0,0,0,0,0,0,0,0,0,0,0,0]} 1. e4 c5 2. Nf3 d6 3. d4 cxd4 4. Nxd4 Nf6 5. Nc3 a6 6. f4 e5 7. Nf3 Nbd7 8. a4 Be7 9. Bd3 O-O 10. O-O Nc5 11. Kh1 d5 {[%cal Rd5e4]} 12. fxe5 {B93: Sicilian Najdorf: 6 f4} Nfxe4 13. Qe1 {[%cal Rc3e4]} (13. Be3 Nxc3 14. bxc3 Bg4 15. Qe1 Nxd3 16. cxd3 Bf5 17. Qe2 Rc8 18. Bd2 Qd7 19. Nd4 Bg6 {0-1 (35) Bilguun,S (2497)-Amonatov,F (2614) St Petersburg 2018}) 13... Bf5 14. Bxe4 $146 {Black is slightly better.} ({Predecessor:} 14. Nd4 Bg6 15. Nf5 Nxc3 16. bxc3 Re8 17. Qg3 Bf8 18. Bg5 {½-½ (18) Steenbekkers,F (2220)-Von Meijenfeldt,B (2034) Roosendaal 2010}) 14... Nxe4 15. Nd2 Bg6 {Hoping for ...Nxc3.} ({Much worse is} 15... Bh4 16. g3 $14) 16. Ndxe4 dxe4 17. Qe2 Qa5 18. Bf4 Rfd8 19. Nxe4 Qb4 20. Nd6 Qxb2 21. Rfc1 Qd4 22. Bg3 Qd5 23. c4 Qc6 24. c5 b6 25. cxb6 Qxb6 26. a5 Qd4 27. Rd1 Qb4 28. Qf3 Rab8 29. Qc6 Ra8 30. Qd5 Qg4 31. Rac1 Qe6 32. Qxe6 fxe6 33. Rc7 Bg5 34. h4 Bh6 35. Rd4 Rab8 36. Bf4 $36 {[%mdl 2048] Black is under pressure.} Rb1+ 37. Kh2 Bxf4+ 38. Rxf4 Ra1 ({Better is} 38... Re1 $14) 39. Ra7 (39. Rg4 $1 $18 Rf8 40. h5 $1 {[%mdl 512]}) 39... Bd3 $2 {[%mdl 8192]} (39... h5 $14) 40. Rff7 $18 Rf8 41. Rxg7+ Kh8 42. Rg3 {Intending Nf7+ and mate.} Bg6 43. Rxa6 Rf4 44. h5 Rh4+ 45. Rh3 Rxh3+ (45... Rxh5 {was necessary.} 46. Rxh5 Bxh5) 46. Kxh3 Bxh5 {[%mdl 4096] Endgame KRB-KRN} 47. Ra8+ $2 (47. g4 $18 {is more deadly.} Bg6 48. Kh4) 47... Kg7 $16 48. a6 {[%cal Ba5a6,Ba6a7][%mdl 32]} Bd1 (48... Be2 $1 $14) 49. a7 $18 Bb3 {[#] intending ...Bd5.} 50. Nb5 $2 (50. Ne8+ $1 $18 Kg6 51. Nc7) 50... Bd5 $1 $11 {[%cal Rd5a8]} 51. Rc8 Kg6 52. Rf8 {White wants to play g4.} Ra5 53. Rg8+ Kf7 54. Rb8 Kg6 55. g4 h5 $1 56. gxh5+ Kxh5 57. Kg3 Kg6 58. Rg8+ Kf7 {The position is equal.} 59. Rd8 Rxb5 {[#]} 60. Rxd5 $1 {[%mdl 512] KR-KR} Rb3+ (60... Rxd5 61. a8=Q) 61. Kf4 Ra3 $1 62. Rd7+ Kg6 $1 63. Ke4 {And now Kd4 would win.} Ra4+ 64. Kd3 {Threatens to win with Kc3.} Kf5 65. Kc3 {Black must now prevent Kb3.} Kxe5 66. Kb3 Ra1 67. Kb4 {Kb5 is the strong threat.} Kf4 68. Rf7+ Ke4 69. Kb5 {Strongly threatening Kb6.} e5 70. Kb6 {aiming for Rf1.} Kd3 71. Rd7+ Kc4 72. Rd1 Ra2 73. Rc1+ Kd4 74. Rh1 e4 {Accuracy: White = 41%, Black = 55%.} 1/2-1/2

[Event "Asian Zonal 3.3 2019"]
[Site "Ulaanbaatar"]
[Date "2019.04.14"]
[Round "8.16"]
[White "Dang, Hoang Son"]
[Black "Batbold, Nyamsuren"]
[Result "1-0"]
[WhiteElo "2367"]
[BlackElo "1809"]
[Annotator "TA"]
[PlyCount "85"]
[EventDate "2019.04.07"]
[EventType "swiss"]
[EventRounds "9"]
[EventCountry "MGL"]
[SourceTitle "playchess.com"]
[Source "ChessBase"]
[SourceQuality "1"]

{[%evp 14,85,28,12,0,0,0,0,61,52,42,50,58,53,73,41,41,36,39,35,27,-20,56,25,78,48,45,24,25,26,25,33,43,43,50,35,85,85,85,85,93,93,93,93,93,93,101,93,93,68,98,68,68,58,66,0,273,43,346,326,1041,1021,5089,5089,5073,1851,5073,5089,2271,5073,4132,3066,3342,0]} 1. e4 e6 2. d4 d5 3. Nc3 dxe4 4. Nxe4 Nd7 5. Nf3 Ngf6 6. Bg5 h6 7. Nxf6+ Nxf6 8. Be3 Bd6 {C10: French with 3 Nc3: Unusual Black 3rd moves and 3...dxe4} 9. Bd3 O-O (9... b6 10. Qe2 Bb7 11. O-O-O Nd5 12. c4 Nxe3 13. fxe3 Qe7 14. e4 e5 15. c5 bxc5 16. dxe5 Bxe5 {1-0 (66) Aronian,L (2764)-Kramnik,V (2792) Paris 2018}) 10. Qd2 Re8 (10... Nd5 $11) 11. O-O-O $146 ({Predecessor:} 11. Ne5 Nd5 12. f4 f6 13. Nc4 b6 14. O-O Be7 15. a3 Ba6 16. Ne5 Bxd3 17. Nxd3 {0-1 (77) Uifelean,A (2194)-Otspere,U (2201) ICCF email 2012}) 11... Nd5 12. c4 Nxe3 13. Qxe3 Qf6 14. Kb1 (14. Ne5 {is more complex.} Qe7 15. Bc2 Bd7 16. Nxd7 Qxd7 17. h4) 14... Qf4 15. c5 Qxe3 16. fxe3 Be7 17. h4 h5 ({Better is} 17... e5 $11) 18. Rhf1 Bf6 (18... f6 $11 {keeps the balance.}) 19. Ng5 Bd7 20. Be2 Bxg5 21. hxg5 g6 $1 22. Bf3 Bc6 23. Bxc6 bxc6 {[%mdl 4096] Endgame KRR-KRR} 24. Rf6 Rad8 {[#]} 25. e4 $1 Re7 26. e5 Red7 27. Rf4 Kg7 28. Kc2 Rb8 29. Rd3 Rb5 30. Ra3 a5 31. Ra4 Kf8 32. Rf3 Ke7 33. Rb3 Rd8 $1 34. Kc3 (34. g3 $1 $14) 34... Rdb8 $2 {[%mdl 8192]} (34... Rxb3+ $1 $11 35. axb3 h4) 35. Raa3 $2 (35. Rxb5 $18 Rxb5 36. Ra3) 35... Kd7 $2 {[%mdl 8192]} ({Black should play} 35... Rxb3+ $14 36. Rxb3 Ra8) 36. Rxb5 $18 Rxb5 $2 {KR-KR} (36... cxb5 37. Rxa5 Kc6) 37. Rb3 {White is clearly winning.} Kc8 38. Rxb5 cxb5 {[#]} 39. c6 $1 Kb8 40. a4 bxa4 41. Kc4 Ka7 42. Kb5 {[%mdl 64] Double Attack} h4 43. Kxa4 $2 {[%mdl 32768] Accuracy: White = 46%, Black = 42%. . Sensor Board Error (Ke4/e5)?} ({Only move:} 43. Kxa5 $18 a3 44. bxa3) 1-0

[Event "Asian Zonal 3.3 2019"]
[Site "Ulaanbaatar"]
[Date "2019.04.14"]
[Round "8.17"]
[White "Bulgankhan, Ganzorig"]
[Black "Boldoo, Erdenepurev"]
[Result "1-0"]
[WhiteElo "1936"]
[BlackElo "2334"]
[Annotator "TA"]
[PlyCount "65"]
[EventDate "2019.04.07"]
[EventType "swiss"]
[EventRounds "9"]
[EventCountry "MGL"]
[SourceTitle "playchess.com"]
[Source "ChessBase"]
[SourceQuality "1"]

{[%evp 13,65,14,28,21,65,8,18,0,0,0,0,-10,-12,-18,12,14,17,12,41,1,16,-7,0,-17,2,0,0,0,0,0,0,0,0,0,539,543,503,483,412,548,506,512,596,596,596,589,613,608,644,597,589,583,29972,29959]} 1. e4 c5 2. Nf3 e6 3. d4 cxd4 4. Nxd4 Nc6 5. Nc3 a6 6. Bf4 d6 7. Bg3 Nf6 8. Be2 {B46: Sicilian: Taimanov: 5 Nc3 a6} Be7 (8... e5 9. Nxc6 bxc6 10. f4 Qc7 11. O-O Be7 12. Kh1 O-O 13. Bf3 exf4 14. Bxf4 Nd7 15. Bg4 Ne5 16. Bxc8 Rfxc8 17. Bxe5 dxe5 {0-1 (49) Miron,L (2465)-Lupulescu,C (2601) Sovata 2018}) 9. O-O (9. Nxc6 $14 bxc6 10. e5) 9... Bd7 10. a4 $146 {The position is equal.} ({Predecessor:} 10. Nb3 O-O 11. Bxd6 e5 12. Bxe7 Qxe7 13. Nd5 Nxd5 14. exd5 Nd8 15. c4 b6 {1-0 (40) Eid,F (2381)-Mohammad,S (2380) Amman 2008}) 10... O-O 11. Qd2 Qc7 12. Rad1 Rfd8 13. Kh1 Ne5 14. f4 Nc4 15. Qc1 Rac8 16. e5 Ne8 $1 ({Don't play} 16... dxe5 $6 17. fxe5 Nxe5 18. Nf3 $16 (18. Qg5 Nd5 $16)) 17. f5 {aiming for fxe6.} Nxe5 18. fxe6 fxe6 19. Nf5 $36 {[%mdl 2048] Black is under pressure.} Bf6 {[#]} 20. Nxd6 $1 {[%mdl 512]} Nxd6 {[#]} 21. Rxf6 $1 {[%mdl 512]} gxf6 22. Bxe5 $1 fxe5 23. Qg5+ {[%mdl 64] Double Attack} Kf8 $4 {[%mdl 8192] [#]} (23... Kh8 $1 $11 {and Black stays safe.} 24. Qxe5+ {[%mdl 64] Double Attack} Kg8 25. Qg5+ (25. Rxd6 Be8 $11) 25... Kf8 26. Qf6+ Kg8 27. Qg5+ Kh8 28. Qe5+ Kg8 29. Rxd6 Be8 30. Qxe6+ Qf7 31. Qg4+ Qg7 32. Qe6+ Kh8) 24. Rf1+ $1 $18 Nf5 {[#]} 25. Rxf5+ $1 {[%mdl 512]} exf5 26. Qf6+ Kg8 27. Nd5 {[%cal Rd5e7]} Bb5 28. Nxc7 Bxe2 {[%cal Rd8d1]} 29. Qe6+ Kf8 {[%cal Rd8d1]} 30. Qxf5+ Kg8 {( -> ...Rd1+)} 31. Qe6+ Kf8 {[%cal Rd8d1]} 32. Nd5 Rc7 {intending ...Rcd7.} 33. Qf6+ {[%mdl 64] Double Attack. Accuracy: White = 61%, Black = 30%.} 1-0

[Event "Asian Zonal 3.3 2019"]
[Site "Ulaanbaatar"]
[Date "2019.04.14"]
[Round "8.18"]
[White "Khuslen, Altan-Ochir"]
[Black "Galmandakh, Badrakh"]
[Result "0-1"]
[WhiteElo "1927"]
[BlackElo "2222"]
[Annotator "RC"]
[PlyCount "112"]
[EventDate "2019.04.07"]
[EventType "swiss"]
[EventRounds "9"]
[EventCountry "MGL"]
[SourceTitle "playchess.com"]
[Source "ChessBase"]
[SourceQuality "1"]
[TimeControl "40/5400+30:1800+30"]

1. e4 d6 2. d4 Nf6 3. Nc3 e5 4. Nf3 Nbd7 5. Bc4 Be7 6. O-O O-O 7. Re1 a6 8. a4 b6 9. h3 Bb7 10. d5 Nc5 11. b4 Ncd7 12. Be3 a5 13. bxa5 Rxa5 14. Nd2 Nc5 15. Bxc5 bxc5 16. Qe2 Qc8 17. Bb5 g6 18. Nc4 Ra8 19. Reb1 Nh5 20. a5 Nf4 21. Qg4 f5 22. exf5 h5 23. Qg3 Rxf5 24. h4 Qd8 25. Ne3 Bxh4 26. Qh2 Ne2+ 27. Bxe2 Bxf2+ 28. Kh1 Bxe3 29. Qg3 Bd4 30. Qxg6+ Kh8 31. Qh6+ Kg8 32. Qg6+ Kh8 33. Qxf5 Qh4+ 34. Qh3 Qxh3+ 35. gxh3 Bxc3 36. Rxb7 Bxa1 37. a6 Kg7 38. Bb5 c4 39. Rxc7+ Kf6 40. Rxc4 Bd4 41. Ra4 Ba7 42. Bc6 Rg8 43. Ra1 Rg3 44. Rf1+ Ke7 45. Rb1 Kf6 46. Rb7 Bc5 47. Rb5 Rxh3+ 48. Kg2 Ra3 49. Bb7 e4 50. Rb1 Ra2 51. Kg3 Kg5 52. Rh1 Rxc2 53. Ra1 Bd4 54. Kh3 Bxa1 55. a7 Be5 56. a8=Q Rh2# 0-1

[Event "Asian Zonal 3.3 2019"]
[Site "Ulaanbaatar"]
[Date "2019.04.14"]
[Round "8.19"]
[White "Tenuunbold, Battulga"]
[Black "Khin, Than"]
[Result "1-0"]
[WhiteElo "1692"]
[BlackElo "2203"]
[Annotator "TA"]
[PlyCount "79"]
[EventDate "2019.04.07"]
[EventType "swiss"]
[EventRounds "9"]
[EventCountry "MGL"]
[SourceTitle "playchess.com"]
[Source "ChessBase"]
[SourceQuality "1"]

{[%evp 21,79,-52,-59,-62,-33,-31,-35,-34,-35,-33,-37,-57,-43,-48,375,370,469,437,394,297,419,417,419,393,383,382,429,425,531,466,535,504,527,414,402,366,374,350,429,392,453,393,400,395,494,488,456,454,613,607,610,535,859,859,29991,1003,970,975,29997,29998]} 1. d4 d5 2. Nf3 Nf6 3. g3 e6 4. Bg2 Be7 5. O-O O-O 6. c4 dxc4 7. Ne5 Nc6 8. Nxc6 bxc6 9. Nc3 Rb8 {E05: Open Catalan: 5 Nf3 Be7} 10. Qa4 (10. Qc2 Nd5 11. Rd1 Ba6 12. Ne4 h6 13. Bf3 Qc8 14. Nd2 Nb4 15. Qc3 c5 16. e3 cxd4 17. exd4 {0-1 (33) Moskalenko,A (2490)-Popov,I (2596) Sochi 2016}) 10... Qxd4 11. Be3 Qe5 {LiveBook: 3 Games. Black is slightly better.} 12. Qxc4 Qa5 $146 {aiming for ...Rb4.} (12... Rb4 $5 {[%cal Rb4c4]} 13. Qd3 Rd8 $15) ({Predecessor:} 12... Rxb2 13. Rab1 Rxb1 14. Rxb1 Nd5 15. Bd4 Qd6 16. Bxa7 Qa3 17. Na4 {1-0 (55) Montagard,G (1950)-Metras,D (2080) France 1998}) 13. Rab1 Nd5 14. Bd2 Qb6 15. Rfc1 Ba6 16. Nxd5 cxd5 17. Qxc7 Rfc8 $2 {[%mdl 8192]} (17... Bf6 $15 {keeps the upper hand.} 18. Bf3 Bxb2) 18. Qxe7 $18 Bxe2 19. Rxc8+ Rxc8 20. Qb4 Qc7 (20... Qxb4 $142 21. Bxb4 d4) 21. Re1 Bc4 22. Bf4 Qd7 23. b3 Ba6 24. Rc1 e5 25. Bd2 Rxc1+ 26. Bxc1 Bb7 27. Qc5 a6 28. Bb2 f6 29. h4 Kf7 30. Ba3 {[#] Black must now prevent h5.} h5 31. Kh2 d4 32. Bf1 Kg6 33. Bd3+ e4 34. Be2 {[%csl Ge2][%cal Rc5h5]} f5 35. Qb6+ Kh7 36. Bxh5 e3 37. Bg6+ Kg8 38. Qc5 (38. Qb4 $142 Qc8 39. Qe7 Bd5 40. Bb2 Be6 41. Bxd4 {[%mdl 64] Double Attack} Qd7 {[#]} 42. Bf7+ $1 {[%mdl 576] Double Attack} Kh7 43. Qxe6 Qxe6 44. Bxe6 exf2 45. Bxf5+ g6 46. Bd3) 38... Qd8 39. Qxf5 {Bf7+ would kill now.} Bd5 40. Qh5 {Accuracy: White = 57%, Black = 33%.} 1-0

[Event "Asian Zonal 3.3 2019"]
[Site "Ulaanbaatar"]
[Date "2019.04.14"]
[Round "8.20"]
[White "Tengis, Tsog-Ochir"]
[Black "Erkhembayar, Tserentsoodol"]
[Result "1/2-1/2"]
[WhiteElo "2207"]
[BlackElo "1757"]
[Annotator "TA"]
[PlyCount "88"]
[EventDate "2019.04.07"]
[EventType "swiss"]
[EventRounds "9"]
[EventCountry "MGL"]
[SourceTitle "playchess.com"]
[Source "ChessBase"]
[SourceQuality "1"]

{[%evp 9,88,12,16,12,16,8,16,-8,-10,-18,-16,-23,-9,-20,19,23,20,-14,-8,-72,72,-16,45,31,92,-133,-127,-110,-53,-125,-134,-128,-120,-127,-112,-120,-115,-104,5,5,8,-8,-8,-12,-17,-143,-118,-295,-267,-255,-68,-60,-58,-67,-68,-62,-64,-81,-10,-12,0,-9,-14,-41,0,0,0,0,0,0,0,0,0,0,0,0,0,0,0,0,0]} 1. d4 d5 2. c4 e6 3. Nf3 Nf6 4. Nc3 b6 5. Bf4 Bd6 6. Bxd6 {D37: Queen's Gambit Declined: 5 Bf4} Qxd6 7. e3 O-O 8. h4 $146 ({Predecessor:} 8. Rc1 a6 9. cxd5 exd5 10. Bd3 c5 11. dxc5 bxc5 12. O-O Bb7 13. Qb3 Bc6 {1-0 (72) Fedoseev,V (2718)-Akobian,V (2647) Riadh 2017}) 8... Bb7 9. cxd5 Nxd5 10. Bd3 Nxc3 11. bxc3 Bxf3 12. Qxf3 Nd7 13. h5 h6 14. g4 (14. Bb5 $11) 14... f6 (14... Ne5 $17 {and life is bright.} 15. Qe4 Nxd3+ 16. Qxd3 Rad8) 15. O-O (15. Ke2 $16) 15... Rae8 (15... Ne5 $11 16. dxe5 Qxd3) 16. Rad1 f5 (16... Qe7 $14) 17. g5 $2 (17. gxf5 $16 exf5 18. Bxf5) 17... hxg5 $17 18. Qg2 Qe7 (18... g4 $17 19. e4 fxe4 20. Qxe4 Rf5) 19. f4 (19. Rfe1 $15) 19... g4 20. e4 Qh4 21. e5 Kf7 22. d5 Nc5 23. dxe6+ Nxe6 ({Black should play} 23... Kg8 $17 24. Bc4 Kh7) 24. Bxf5 $11 {[#] Hoping for Rd3.} Kg8 25. Bg6 Re7 26. Rd3 c6 $36 {[%mdl 2048] White is under pressure.} 27. Qxc6 (27. f5 $11 Ng5 28. Qg3 Qxg3+ 29. Rxg3 Rxe5 30. Rxg4) 27... g3 $17 {[%csl Gg3][%cal Rh4h2]} 28. Qg2 $2 (28. Rd2 $17 {might work better.} Nxf4 {[%mdl 64] Discovered Attack} 29. Qc4+ Re6 30. Rxf4 Qxf4 31. Qxf4 Rxf4 32. Rd8+ Rf8 33. Rd5) 28... Nxf4 $19 {[%mdl 64] ( -> ...Ne2+!). Double Attack, Discovered Attack} 29. Rdf3 {[#] Rxf4! is the strong threat.} Nxg6 $2 (29... Rd7 $1 $19 {[%cal Rd7d8]} 30. Rxf4 Rxf4 31. Rxf4 Rd1+ 32. Rf1 Qh2+ {[%mdl 64] Deflection} 33. Qxh2 gxh2+ 34. Kxh2 Rxf1) 30. hxg6 $15 {[%csl Gf1][%cal Rf3f8]} Rxf3 31. Rxf3 Rxe5 32. Rxg3 $19 {[%mdl 4096] Endgame White threatens Qa8+ and mate. KQR-KQR} Qd8 {Strongly threatening ...Qd1+.} 33. Qf1 Qe8 ({Black should try} 33... Qd5 $17) 34. Qd3 $11 b5 35. Kf2 Qc6 36. Qf3 {White wants to mate with Qf7+.} (36. Rg4 {seems wilder.} Qb6+ 37. Kg2 Rc5 38. Qd7 Qc6+ 39. Qxc6 Rxc6 40. a4) 36... Qxf3+ (36... Qd7 {looks sharper.} 37. Kg2 a6 38. Qd3 Qc6+ 39. Qf3 Re2+) 37. Kxf3 $15 {KR-KR. The position is equal.} Kf8 38. Kf4 Rc5 39. Re3 a5 40. Ke4 Rc6 41. Rg3 Ke7 42. Kd5 Kd7 43. a3 Kc7 44. Ke5 Rf6 {Accuracy: White = 41%, Black = 27%.} 1/2-1/2

[Event "Asian Zonal 3.3 2019"]
[Site "Ulaanbaatar"]
[Date "2019.04.14"]
[Round "8.21"]
[White "Amgalantengis, Enkh-Amgalan"]
[Black "Chuluun, Gonchigdorj"]
[Result "1/2-1/2"]
[WhiteElo "1832"]
[BlackElo "1982"]
[Annotator "NA RC"]
[PlyCount "99"]
[EventDate "2019.04.07"]
[EventType "swiss"]
[EventRounds "9"]
[EventCountry "MGL"]
[SourceTitle "playchess.com"]
[Source "ChessBase"]
[SourceQuality "1"]
[TimeControl "40/5400+30:1800+30"]

1. d4 f5 2. c4 b6 3. Nc3 Nf6 4. Bg5 e6 5. e4 fxe4 6. Nxe4 Bb4+ 7. Nc3 Bb7 8. Nf3 O-O 9. Be2 d6 10. O-O Bxc3 11. bxc3 Nbd7 12. Nd2 e5 13. Bf3 Bxf3 14. Nxf3 Qe8 15. Bxf6 gxf6 16. Qe2 exd4 17. Qxe8 Raxe8 18. cxd4 Re4 19. Rfe1 Rfe8 20. Kf1 Kf8 21. Rxe4 Rxe4 22. Re1 Rxe1+ 23. Kxe1 c5 24. Kd2 Ke7 25. Ke3 a6 26. Ke4 b5 27. cxb5 axb5 28. Kd5 c4 29. Kc6 b4 30. Kb5 b3 31. axb3 cxb3 32. Nd2 b2 33. Kc4 Ke6 34. Kc3 Kd5 35. Kxb2 Kxd4 36. Kc2 Ne5 37. Nb3+ Kc4 38. Nd2+ Kd5 39. Nf1 Ke4 40. Nd2+ Kf4 41. h3 d5 42. Kc3 Nc6 43. Kd3 Ke5 44. Nf3+ Kf4 45. Nd2 h5 46. g3+ Kf5 47. Nb3 Ke5 48. f4+ Kd6 49. g4 hxg4 50. hxg4 1/2-1/2

[Event "Asian Zonal 3.3 2019"]
[Site "Ulaanbaatar"]
[Date "2019.04.14"]
[Round "8.22"]
[White "Amgalanbaatar, Ravdanlkhumbuu"]
[Black "Erkhes, Bayartnar"]
[Result "0-1"]
[WhiteElo "2081"]
[BlackElo "1778"]
[Annotator "NA RC"]
[PlyCount "74"]
[EventDate "2019.04.07"]
[EventType "swiss"]
[EventRounds "9"]
[EventCountry "MGL"]
[SourceTitle "playchess.com"]
[Source "ChessBase"]
[SourceQuality "1"]
[TimeControl "40/5400+30:1800+30"]

1. d3 d5 2. Nd2 g6 3. e4 c6 4. c3 Bg7 5. Ngf3 Nf6 6. Be2 O-O 7. O-O Re8 8. e5 Nfd7 9. d4 c5 10. Re1 Nc6 11. Nf1 cxd4 12. cxd4 Qb6 13. Ng3 Nf8 14. h3 Ne6 15. Be3 Qxb2 16. Qa4 Qb6 17. Rab1 Qd8 18. Rec1 Nc7 19. Qc2 Ne6 20. h4 Rb8 21. h5 Bd7 22. Bd3 Rc8 23. Qd2 Na5 24. hxg6 hxg6 25. Rxc8 Bxc8 26. Bb5 Rf8 27. Ng5 a6 28. Bd3 b5 29. Nxe6 Bxe6 30. Bh6 Nc4 31. Bxc4 dxc4 32. Rd1 c3 33. Qe3 c2 34. Rc1 Bxh6 35. Qxh6 Qxd4 36. Nf1 Rc8 37. Ne3 Qd2 0-1

[Event "Asian Zonal 3.3 2019"]
[Site "Ulaanbaatar"]
[Date "2019.04.14"]
[Round "8.23"]
[White "Byambaa, Zulzaga"]
[Black "Danzanjunai, Ganbat"]
[Result "1-0"]
[WhiteElo "2168"]
[BlackElo "1608"]
[Annotator "TA"]
[PlyCount "111"]
[EventDate "2019.04.07"]
[EventType "swiss"]
[EventRounds "9"]
[EventCountry "MGL"]
[SourceTitle "playchess.com"]
[Source "ChessBase"]
[SourceQuality "1"]

{[%evp 25,111,28,25,17,6,-1,7,8,2,3,6,-3,27,40,32,53,55,31,83,76,81,72,81,75,61,78,66,55,104,87,91,102,104,68,68,56,131,131,139,143,412,429,416,400,526,493,528,537,706,516,841,450,521,515,709,698,773,761,785,591,591,593,591,586,1733,1706,1693,1550,1733,1547,1766,1545,1901,1445,29982,29983,29983,29984,29985,29986,29987,29988,29988,29989,29992,29990,29990,29991]} 1. e4 e5 2. Nf3 Nc6 3. Bb5 {[%cal Bf1b5,Bb5a4,Ba4b3][%mdl 32]} a6 4. Ba4 Nf6 5. O-O Be7 6. Re1 b5 7. Bb3 d6 8. c3 O-O 9. a4 Bg4 10. h3 Bh5 11. d3 {C90: Closed Ruy Lopez with 7...d6: Early deviations} Na5 12. Bc2 c5 13. Nbd2 b4 {LiveBook: 12 Games} 14. cxb4 cxb4 15. d4 $146 ({Predecessor:} 15. Nb3 Nd7 16. g4 Bg6 17. Be3 d5 18. Nxa5 Qxa5 {0-1 (50) Bashirli,N (2383)-Efimenko,Z (2637) Konya 2018}) 15... Nc6 16. g4 Bg6 17. Nb3 Rc8 18. d5 Na5 19. Nxa5 Qxa5 20. Bd3 Nd7 21. Be3 Nc5 (21... Nf6 $14) 22. Bxc5 $1 $16 Rxc5 {[#]} 23. Nd2 $1 {[%cal Rd2b3] Hoping for Nb3.} Rc7 24. Nb3 Qb6 25. a5 $36 {[%mdl 2048] Keeping Black busy.} Qa7 26. Qe2 Bh4 27. Rec1 Rfc8 28. Rxc7 Rxc7 29. Qe3 Qxe3 30. fxe3 h5 ({Black should play} 30... Bd8 $14) 31. Ra4 hxg4 32. hxg4 Be1 $2 {[%mdl 8192] [#]} (32... Kf8 $16) 33. Kf1 $18 Bh4 34. Rxb4 Kh7 35. Rb6 Bd8 36. Rxd6 Rb7 37. Bc2 Rc7 (37... Rb8 $142 38. Rxa6 f6) 38. Na1 Bg5 39. Ke2 Rc5 40. Rxa6 Bd8 41. b4 Rb5 42. Rd6 Be7 43. Rb6 Rxb6 44. axb6 {[%mdl 4096] Endgame KBB-KBN} f6 45. b7 Bd6 46. Nb3 Be8 47. Nc5 Kg6 48. Bd3 Kg5 49. Na6 Kxg4 50. b8=Q {White mates.} Bxb8 51. Nxb8 Kh3 52. Kf2 Kh2 53. d6 g5 54. Be2 Bb5 55. d7 Bxd7 56. Nxd7 {Precision: White = 74%, Black = 19%.} 1-0

[Event "Asian Zonal 3.3 2019"]
[Site "Ulaanbaatar"]
[Date "2019.04.15"]
[Round "9.1"]
[White "Batchuluun, Tsegmed"]
[Black "Nguyen, Duc Hoa"]
[Result "1/2-1/2"]
[WhiteElo "2547"]
[BlackElo "2433"]
[Annotator "TA"]
[PlyCount "109"]
[EventDate "2019.04.07"]
[EventType "swiss"]
[EventRounds "9"]
[EventCountry "MGL"]
[SourceTitle "playchess.com"]
[Source "ChessBase"]
[SourceQuality "1"]

{[%evp 15,109,13,21,-23,11,0,9,-41,28,-7,0,-9,18,31,81,56,108,44,56,39,28,23,29,12,34,0,69,31,22,0,0,-38,35,31,29,25,60,0,0,0,91,27,18,-8,-10,-26,-21,-18,-25,-20,-21,-23,-20,-33,-28,-96,-23,-26,-23,-26,-26,-27,-32,-28,-8,-46,-17,-15,-15,-17,-26,-25,-25,-33,-29,-27,-21,-89,-85,-77,-19,-20,0,0,0,0,0,0,0,0,0,0,0,0,0,0]} 1. c4 e6 2. Nf3 Nf6 3. g3 d5 4. b3 c5 5. cxd5 exd5 6. Bg2 {A13: English Opening: 1...e6} Nc6 7. Bb2 d4 8. O-O Be7 {LiveBook: 19 Games} 9. Re1 (9. Na3 O-O 10. Nc4 Bf5 11. Rc1 Rc8 12. Nfe5 Nxe5 13. Nxe5 {½-½ (55) So,W (2780)-Aronian,L (2767) Saint Louis 2018}) 9... Bg4 $146 ({Predecessor:} 9... O-O 10. e4 dxe3 11. dxe3 {½-½ (54) Suarez Triguero,J (2094)-Ruiz Bellon,M (1968) Cuenca 2016}) 10. h3 Bh5 11. e4 Ne5 (11... Nd7 $15) 12. d3 Bxf3 13. Bxf3 Qd7 14. Bg2 g5 15. Na3 $1 b5 (15... Qe6 $14) 16. Nc2 (16. b4 $1 $16) 16... h5 $14 17. Ne3 dxe3 18. Bxe5 exf2+ 19. Kxf2 {Hoping for Bxf6.} Rd8 20. Rc1 Kf8 (20... h4 $11) 21. Re3 Rh6 22. Qf3 Qe6 23. Qf5 Qb6 ({Black should play} 23... Nd7 $15 24. Bc3 Qxf5+ 25. exf5 b4) 24. Ke2 Qa6 25. Rc2 c4 26. d4 (26. bxc4 $14 bxc4 27. d4 (27. dxc4 Rc8 $14)) 26... Nd7 $1 $11 27. Bc7 Rc8 (27... Rf6 $11 {remains equal.} 28. Qd5 Nb6) 28. Qxd7 (28. Rf3 $1 $16 {[%csl Gf3][%cal Rf5f7]} Qe6 29. Ba5) 28... Qb7 29. bxc4 (29. Qf5 {feels hotter.} Rxc7 30. Rf3 Bb4 31. e5 cxb3 32. axb3 Ra6 33. Kf2) 29... Rxc7 30. Qd5 Qxd5 31. exd5 Rxc4 32. Rxc4 bxc4 {[%mdl 4096] Endgame KRB-KRB} 33. Rc3 Ra6 34. Bf3 Rxa2+ 35. Ke3 (35. Kf1 $11 {keeps the balance.}) 35... Bd6 ({Black should try} 35... Rh2 $1 $17 36. Bxh5 Rxh3 {[%mdl 64] Double Attack}) 36. Bxh5 Rg2 37. Ke4 Rxg3 38. Rxc4 Rxh3 39. Bg4 Rh2 40. Kf5 (40. Rc6 $5 {[%cal Rc6d6]} Rh6 41. Kf5 $11) 40... Be7 41. Ke5 Rf2 42. d6 $1 {Black must now prevent Rc8+.} Bf6+ 43. Kd5 Rf4 44. Bh3 g4 45. Bg2 g3 {Threatens to win with ...Rf2.} 46. Rc8+ (46. Be4 $11) 46... Kg7 $17 47. Be4 {[#]} a5 (47... Bxd4 $1 $17 {[%mdl 512]} 48. Rc2 (48. Kxd4 $2 g2 $19) 48... Bf6) 48. d7 $11 {The position is equal.} a4 49. Rc4 Bd8 {And now ...f5 would win.} (49... a3 $5 50. Rc3 $8 {[#]} g2 $1 {[%mdl 512]} 51. Rg3+ {[%mdl 64] Double Attack} Kf8 52. Rxg2 Ke7 $11) 50. Rxa4 f5 51. Ra8 Bh4 52. Bg2 {Ke5 is the strong threat.} Rf2 53. Bh1 Rh2 54. Bf3 Rf2 55. Bh1 {Accuracy: White = 49%, Black = 44%.} 1/2-1/2